| 000 | 01295nam a22001937a 4500 | ||
|---|---|---|---|
| 003 | JO-AjAnu | ||
| 005 | 20250316121038.0 | ||
| 008 | 250315b jo ||||| |||| 00| 0 ara d | ||
| 040 | _cJO-AjAnu | ||
| 041 | _hARA | ||
| 100 |
_aخريسات، محمد حسين "محمد علي" _eمعد _966515 |
||
| 245 |
_aفاعلية برنامج قائم على استراتيجية العصف الذهني في تنمية مهارات التفكير الناقد لدى الطلبة ذوي صعوبات تعلم الحساب = The Effectiveness of a Program Based on the Brainstorming Strategy in Developing Critical Thinking Skills among students with Learning Dissabililties in Math _c / اعداد محمد حسين "محمد علي" خريسات ؛ اشراف ريم عبد الله الكناني |
||
| 260 | _c2025 | ||
| 300 | _a115 ورقة | ||
| 500 | _aرسالة جامعية (رسالة ماجستير في صعوبات التعلم) / جامعة عجلون الوطنية (الاردن-عجلون) ، كلية العلوم التربوية، قسم صعوبات التعلم، 2025 | ||
| 650 | _vالطلبة ذوي صعوبات التعلم-مهارات التفكير-العصف الذهني | ||
| 700 |
_aالكناني، ريم عبدالله _964923 _eمشرف |
||
| 942 |
_2lcc _cTHS _n0 |
||
| 999 |
_c33900 _d33900 |
||